Pizza con champán (Registro nro. 28426)

000 -CABECERA
campo de control de longitud fija 00790cam a22002891a 4500
001 - NÚMERO DE CONTROL
campo de control YPZ99131
003 - IDENTIFICADOR DEL NÚMERO DE CONTROL
campo de control YPZ
005 - FECHA Y HORA DE LA ÚLTIMA TRANSACCIÓN
campo de control 20221201132030.0
008 - DATOS DE LONGITUD FIJA--INFORMACIÓN GENERAL
campo de control de longitud fija 141016|###########||||||b||||||||||spa|d
020 ## - NÚMERO INTERNACIONAL ESTÁNDAR DEL LIBRO
Número Internacional Estándar del Libro 9508520604
040 ## - FUENTE DE LA CATALOGACIÓN
Centro/agencia transcriptor SIUNPA
041 ## - CÓDIGO DE LENGUA
Código de lengua del texto/banda sonora o título independiente spa
044 ## - CÓDIGO DEL PAÍS DE LA ENTIDAD EDITORA/PRODUCTORA
Código MARC del país ag
080 ## - NÚMERO DE LA CLASIFICACIÓN DECIMAL UNIVERSAL
Número de la Clasificación Decimal Universal 343.352 W175p4
100 ## - ENTRADA PRINCIPAL--NOMBRE DE PERSONA
Nombre de persona Walger, Sylvina.
245 ## - MENCIÓN DE TÍTULO
Título Pizza con champán
Resto del título : crónica de la fiesta menemista
Mención de responsabilidad, etc. / Sylvina Walger ; prólogo Joaquín Morales Solá
250 ## - MENCIÓN DE EDICIÓN
Mención de edición 4a. ed.
260 ## - PUBLICACIÓN, DISTRIBUCIÓN, ETC.
Lugar de publicación, distribución, etc. Buenos Aires
Nombre del editor, distribuidor, etc. : Espasa Calpe
Fecha de publicación, distribución, etc. , 1995
300 ## - DESCRIPCIÓN FÍSICA
Extensión 398 p. :
Otras características físicas il.
490 ## - MENCIÓN DE SERIE
Mención de serie (Espasa hoy)
650 ## - PUNTO DE ACCESO ADICIONAL DE MATERIA--TÉRMINO DE MATERIA
Término de materia o nombre geográfico como elemento de entrada CORRUPCION
650 ## - PUNTO DE ACCESO ADICIONAL DE MATERIA--TÉRMINO DE MATERIA
Término de materia o nombre geográfico como elemento de entrada SOBORNOS
650 ## - PUNTO DE ACCESO ADICIONAL DE MATERIA--TÉRMINO DE MATERIA
Término de materia o nombre geográfico como elemento de entrada INVESTIGACION PERIODISTICA
651 #0 - PUNTO DE ACCESO ADICIONAL DE MATERIA--NOMBRE GEOGRÁFICO
9 (RLIN) 53
Nombre geográfico ARGENTINA
700 ## - PUNTO DE ACCESO ADICIONAL--NOMBRE DE PERSONA
Código de función/relación , pról.
Nombre de persona Morales Solá, Joaquín
942 ## - ELEMENTOS DE PUNTO DE ACCESO ADICIONAL (KOHA)
Tipo de ítem Koha Libros
Fuente del sistema de clasificación o colocación
Existencias
Estado de retiro Estado de pérdida Fuente del sistema de clasificación o colocación Estado dañado Restricciones de uso No para préstamo Código de colección Localización permanente Ubicación/localización actual Fecha de adquisición Fuente de adquisición Coste, precio normal de compra Número de inventario Total de préstamos Signatura topográfica completa Código de barras Fecha visto por última vez Fecha del último préstamo Coste, precio de reemplazo Precio válido a partir de Tipo de ítem Koha
        Acceso restringido Ordenado o Solicitado Colección General SIUNPA Biblioteca Académica Malvina Perazo 2014-10-09 Don. Flia. Celada 70.00 05-46760 2 343.352 W175p4 05-46760 2021-04-29 2021-04-10 70.00 2019-04-03 Libros